'Ελεος

Αποθηκεύτηκε σε:
Λεπτομέρειες βιβλιογραφικής εγγραφής
Κύριος συγγραφέας: Morrison, Toni
Άλλοι συγγραφείς: Σχινά, Κατερίνα (trlf)
Μορφή: Βιβλίο
Γλώσσα:Greek
English
Δημοσίευση: Αθήνα : Νεφέλη, c2009.
Σειρά:Παγκόσμια λογοτεχνία (Νεφέλη)
Θέματα:
Ετικέτες: Προσθήκη ετικέτας
Δεν υπάρχουν, Καταχωρήστε ετικέτα πρώτοι!

MARC

LEADER 00000cam a2200000 i 4500
001 1/50344
008 140701s2009 gr | ||| |||| ||gre||
020 |a 9789602119235 
035 |l 10118145 
040 |a GR-MyUA  |b gre  |e AACR2 
041 1 |a gre  |h eng 
082 0 |a 813  |2 (23) 
100 1 |a Morrison, Toni. 
245 1 0 |a 'Ελεος /   |c Toni Morrison ; μετάφραση-σημειώσεις-επίμετρο Κατερίνα Σχινά.  
260 |a Αθήνα :   |b Νεφέλη,   |c c2009.  
300 |a 225 σ. ;   |c 21 εκ.  
490 1 |a (Νεφέλη/Παγκόσμια λογοτεχνία)  
500 |a Τίτλος πρωτοτύπου: A mercy.  
650 0 0 |a American fiction. 
650 0 0 |a African American women  |x Fiction. 
700 1 |a Σχινά, Κατερίνα,  |e trlf 
830 0 |a Παγκόσμια λογοτεχνία (Νεφέλη) 
852 |a INST  |b LEMNOS  |e 20140701  |h 813 MOR  |p 005600001170  |q 005600001170  |t BK  |y 0 
901 |a BIBL6-2014-2 
909 |a Μ  |b 161395 
922 |a 6ΕΛΗ 
970 |a ΜΟΣΧΟΒΗ  |b ΕΥΑΓΓΕΛΙΑ  |z 2014/07/01